000
00305nam a2200121Ia 4500
008
190216s9999||||xx |||||||||||||| ||und||
100
_a
"Raisinghania M D, Aggarwal R S"
245
0
_a
Advanced Hydrow Dynamics
250
_a
1st Ed.
260
_b
Sulthan Chand &co
_c
1982
650
_a
Physics
942
_c
BK
999
_c
32922
_d
32922